000 00537nam a22001817a 4500
008 100329s2009 ii|||||r|||| 000 0 eng d
020 _a9788184314250
082 _222
_a621.395
_bGOD
100 _913275
_aGodse, A. P.
245 _aDigital Logic Circuits/
_cA. P. Godse and D. A. Godse
250 _a3rd ed. rev.
260 _aPune:
_bTechnical Pub., 2009
_c2009
300 _a1v.:
_bill.;
_c24 cm.
650 _910844
_aDigital electronics.
650 _913276
_aLogic circuits
700 _913277
_aGodse, Deepali A.
942 _2ddc
_cBB
999 _c13821
_d13821